000 00858nam a2200241 i 4500
001 142410
003 ES-MaACL
005 20231226211331.0
007 t|
008 071005s1961 sp ||||1| spa d
080 _a929 Quintana, Manuel José
080 _a86(Quintana, Manuel José 1.06)
100 1 _aVila Selma, José.
_9114738
245 1 0 _aIdeario de Manuel José Quintana /
_cJosé Vila Selma.
260 _aMadrid :
_bConsejo Superior de Investigaciones Científicas,
_c1961.
300 _aXII, 192 p. ;
_c21 cm.
500 _aPrecede al tít. : Instituto Miguel de Cervantes de Filología Hispánica.
500 _aAnejos de "Revista de Literatura", vol. 18.
600 1 4 _aQuintana, Manuel José,
_d1772-1857
_994670
710 2 _aInstituto "Miguel de Cervantes"
_95133
852 _aES-MaACL
_jG-26
_bR.49085
999 _c142410
_d142410